Rozpoznaj piłkarza po zdjęciu [poziom średni] #2 - Statystyki

Ogólne statystyki
  • Ten quiz został rozwiązany 803 razy
  • Średni wynik to 22 z 32
Statystyki odpowiedzi
Obrazkowy Odpowiedź % Poprawnych
Edison Cavani
91%
Lautaro Martinez
91%
Xabi Alonso
91%
Lukas Podolski
87%
Fredrico Chiesa
86%
Jakub Moder
86%
Mario Goetze
86%
Philipp Lahm
85%
Xavi Simons
84%
Alexander Isak
82%
Ciro Immoblie
82%
Eric Cantona
79%
Steven Gerrard
79%
Diego Forlan
77%
Karol Linetty
77%
Nabil Fekir
75%
Dries Mertens
74%
Edwin van der Sar
74%
Mike Maignan
73%
Edin Dżeko
72%
Alexandre Lacazette
71%
Radamel Falcao
68%
Bojan Krkic
55%
Luka Jović
53%
Andrej Kramarić
51%
Miroslav Radović
47%
Bruno Guimaraes
46%
Ruud Van Nistelrooy
39%
Rafał Murawski
33%
Tomasz Frankowski
27%
Diego
21%
Esteban Cambiasso
19%
Nie znaleziono quizów pasujących do podanych kryteriów
Rozkład punktacji
Procent ludzi z każdym wynikiem
Percentyl według liczby udzielonych odpowiedzi
Twoja historia wyników
Nie rozwiązałeś tego quizu